Family Law Lecltures Family Law II/ (Record no. 185660)

MARC details
000 -LEADER
fixed length control field 00609nam a22001937a 4500
005 - DATE AND TIME OF LATEST TRANSACTION
control field 20220207162714.0
010 ## - LCCN (DPL NO)
LC control number ENG-131446
020 ## - INTERNATIONAL STANDARD BOOK NUMBER
International Standard Book Number 9789391211660
Terms of availability 850.00
035 ## - SYSTEM CONTROL NUMBER
System control number EN-114978
037 ## - SOURCE OF ACQUISITION
Source of stock number/acquisition DBAD
082 ## - DEWEY DECIMAL CLASSIFICATION NUMBER
Classification number 346.54015
100 ## - MAIN ENTRY--PERSONAL NAME
Personal name Saxena, Poonam Pradhan
245 ## - TITLE STATEMENT
Title Family Law Lecltures Family Law II/
Statement of responsibility, etc Poonam Pradhan Saxena
250 ## - EDITION STATEMENT
Edition statement 5th Edition
260 ## - PUBLICATION, DISTRIBUTION, ETC. (IMPRINT)
Place of publication, distribution, etc New Delhi
Name of publisher, distributor, etc KW Publishers Pvt. Ltd
Date of publication, distribution, etc 2022
270 ## - ADDRESS
Address 4676/21, First Floor, Ansari Road, Daryaganj
City New Delhi
Postal code 110002
300 ## - PHYSICAL DESCRIPTION
Extent xxxv, 646p.
Other physical details Index
Dimensions 24cm(pbk)
942 ## - ADDED ENTRY ELEMENTS (KOHA)
Source of classification or shelving scheme Dewey Decimal Classification
Item type English Books
Classification part 346.54015
Call number suffix SAX
Holdings
Withdrawn status Lost status Not for loan Collection code Home library Current library Date acquired Source of acquisition Cost, normal purchase price Full call number Barcode Copy number Cost, replacement price Koha item type
      Non-fiction Ashok Vihar Ashok Vihar 07/02/2022 DBAD/PUB 850.00 346.54015 SAX EN-114978 1 850.00 English Books

© Delhi Public Library
Hit Counter
free hit counter